[Event "4NCL/Div4/GLOSG vs. OXF3"]
[Site "West Bromwich ENG"]
[Date "2005.11.05"]
[Round "1.5"]
[White "Dodwell, Phil"]
[Black "Henbest, Kevin B"]
[Result "1-0"]
[WhiteElo "2060"]
[BlackElo "1855"]
[PlyCount "77"]
[EventDate "2005.11.05"]
[SourceDate "2005.10.25"]

1. e4 c5 2. Nf3 d6 3. Bb5+ Bd7 4. Bxd7+ Nxd7 5. O-O g6 6. c3 Bg7 7. d4 Ngf6 8.
e5 dxe5 9. dxe5 Ng4 10. e6 fxe6 11. Ng5 Ndf6 12. Qxd8+ Rxd8 13. h3 Rd6 14. hxg4
Nxg4 15. Na3 h6 16. Ne4 Rd5 17. Nc2 Be5 18. f4 Bc7 19. Ne3 Nxe3 20. Bxe3 b6 21.
Rad1 Rf5 22. b4 cxb4 23. cxb4 O-O 24. g3 e5 25. g4 R5f7 26. fxe5 Bxe5 27. Bxh6
Rxf1+ 28. Rxf1 Rxf1+ 29. Kxf1 Kf7 30. Ke2 Ke6 31. Kd3 Kd5 32. Bg5 e6 33. Nd2 b5
34. Ne4 Bb2 35. Be3 a6 36. Nc5 Ba3 37. Nxa6 Kc6 38. Kc3 Kb7 39. Nc5+ 1-0

[Event "4NCL/Div4/GLOSG vs. OXF3"]
[Site "West Bromwich ENG"]
[Date "2005.11.05"]
[Round "1.6"]
[White "Bull, Philip"]
[Black "Dixon, Richard J"]
[Result "1/2-1/2"]
[WhiteElo "1865"]
[BlackElo "2005"]
[PlyCount "82"]
[EventDate "2005.11.05"]
[SourceDate "2005.10.25"]

1. d4 Nf6 2. e3 g6 3. Bd3 Bg7 4. c3 O-O 5. f4 d6 6. Nf3 Nbd7 7. O-O c6 8. h3 h5
9. Nh4 e5 10. Qe1 e4 11. Be2 Re8 12. g4 hxg4 13. hxg4 Nf8 14. g5 N6h7 15. Qg3
Ne6 16. Kf2 c5 17. Rg1 a6 18. Nd2 cxd4 19. cxd4 Nxd4 20. Bd1 d5 21. Nf1 Nf5 22.
Nxf5 Bxf5 23. Qh2 Nf8 24. Ng3 d4 25. Nxf5 gxf5 26. Bb3 Qd6 27. Rb1 Rac8 28. Bd2
Rc7 29. Qh3 Qg6 30. Rh1 Ne6 31. Rh2 Nxf4 32. Qg3 Nd3+ 33. Ke2 Be5 34. Qh4 Bxh2
35. Qxh2 Rce7 36. Rh1 Qg7 37. g6 Kf8 38. gxf7 f4 39. exf4 Qg4+ 40. Kf1 Qf3+ 41.
Kg1 Qg4+ 1/2-1/2

[Event "4NCL/Div4/MONM vs. SCS"]
[Site "West Bromwich ENG"]
[Date "2005.11.05"]
[Round "1.1"]
[White "Varley, Peter"]
[Black "Moyse, Nigel"]
[Result "1-0"]
[WhiteElo "2172"]
[BlackElo "2160"]
[PlyCount "49"]
[EventDate "2005.11.05"]
[SourceDate "2005.10.25"]

1. d4 Nf6 2. c4 g6 3. Nc3 Bg7 4. e4 d6 5. Be2 O-O 6. Bg5 Nbd7 7. Qd2 Re8 8. h4
h5 9. f3 c5 10. d5 Ne5 11. Nh3 a6 12. Nf2 Bd7 13. Bxf6 Bxf6 14. f4 Ng4 15. Nxg4
Bxg4 16. Bxg4 hxg4 17. h5 b5 18. hxg6 fxg6 19. e5 dxe5 20. fxe5 Bxe5 21. Qh6
Bg7 22. Qh7+ Kf8 23. Rf1+ Bf6 24. Ne4 Qa5+ 25. Ke2 1-0

[Event "4NCL/Div4/MONM vs. SCS"]
[Site "West Bromwich ENG"]
[Date "2005.11.05"]
[Round "1.2"]
[White "Reynolds, D Ian"]
[Black "Thomas, Joseff"]
[Result "0-1"]
[WhiteElo "2125"]
[BlackElo "2025"]
[PlyCount "36"]
[EventDate "2005.11.05"]
[SourceDate "2005.10.25"]

1. e4 e5 2. Nf3 Nc6 3. d4 exd4 4. Nxd4 Nxd4 5. Qxd4 Ne7 6. Nc3 Nc6 7. Qe3 Be7
8. Bd3 d6 9. O-O Bf6 10. Nd5 Be6 11. c3 Ne5 12. Be2 Bxd5 13. exd5 O-O 14. f4
Nd7 15. Bd2 Re8 16. Qf3 c6 17. dxc6 Qb6+ 18. Qf2 Rxe2 0-1

[Event "4NCL/Div4/MONM vs. SCS"]
[Site "West Bromwich ENG"]
[Date "2005.11.05"]
[Round "1.3"]
[White "Beveridge, Nigel K"]
[Black "Kilpatrick, Callum"]
[Result "0-1"]
[WhiteElo "2050"]
[BlackElo "2070"]
[PlyCount "90"]
[EventDate "2005.11.05"]
[SourceDate "2005.10.25"]

1. d4 Nf6 2. c4 g6 3. Nc3 Bg7 4. e4 d6 5. Be2 O-O 6. Bg5 c5 7. d5 e6 8. f3 Na6
9. Qd2 exd5 10. cxd5 Qa5 11. a4 Nc7 12. Nb5 Qxd2+ 13. Kxd2 Nxb5 14. axb5 h6 15.
Be3 Ne8 16. Ra2 Nc7 17. Nh3 g5 18. Nf2 Bd7 19. h4 f5 20. Nh3 f4 21. Bf2 g4 22.
fxg4 Nxb5 23. g5 a6 24. gxh6 Bxh6 25. Ng5 Rae8 26. Bf3 Bxg5 27. hxg5 Re5 28. g6
Re7 29. Raa1 Be8 30. Rh6 Rg7 31. e5 dxe5 32. Bxc5 Bxg6 33. Bxf8 Kxf8 34. Re1
Nd6 35. Rh8+ Kf7 36. Rh4 Kf6 37. Rf1 Bf5 38. Rh2 e4 39. Be2 Ke5 40. b3 Rc7 41.
Bd1 e3+ 42. Ke2 Bg4+ 43. Rf3 Ne4 44. Rh4 Ng3+ 45. Ke1 Bxf3 0-1

[Event "4NCL/Div4/MONM vs. SCS"]
[Site "West Bromwich ENG"]
[Date "2005.11.05"]
[Round "1.4"]
[White "Sen, Subin"]
[Black "Thomas, Jac"]
[Result "1-0"]
[WhiteElo "2045"]
[BlackElo "2020"]
[PlyCount "93"]
[EventDate "2005.11.05"]
[SourceDate "2005.10.25"]

1. Nf3 Nf6 2. c4 d6 3. d4 g6 4. g3 Bg7 5. Bg2 c5 6. O-O cxd4 7. Nxd4 O-O 8. Nc3
Qc7 9. b3 a6 10. Bb2 Nc6 11. Rc1 Bd7 12. Nd5 Qd8 13. Nxc6 Bxc6 14. Nxf6+ Bxf6
15. Bxf6 exf6 16. Qd4 Bxg2 17. Kxg2 Qe7 18. e3 Rac8 19. Rfd1 Rfd8 20. Rc3 Qe5
21. Rcd3 Rc6 22. Qxe5 fxe5 23. Rd5 f6 24. c5 Rf8 25. cxd6 Rd8 26. Kf3 Kf7 27.
d7 Ke6 28. R1d2 f5 29. h4 Rc7 30. Rd6+ Ke7 31. R2d5 e4+ 32. Kf4 Rc6 33. Ke5
Rxd6 34. Rxd6 Rxd7 35. Rxd7+ Kxd7 36. Kf6 b5 37. h5 a5 38. hxg6 hxg6 39. Kxg6
Ke6 40. Kg5 a4 41. g4 fxg4 42. Kxg4 axb3 43. axb3 Ke5 44. Kg5 Kd5 45. Kf5 Kc5
46. Kxe4 Kb4 47. f4 1-0

[Event "4NCL/Div4/MONM vs. SCS"]
[Site "West Bromwich ENG"]
[Date "2005.11.05"]
[Round "1.5"]
[White "Waterfield, John"]
[Black "Lutton, J Arnold"]
[Result "1-0"]
[WhiteElo "2035"]
[BlackElo "1940"]
[PlyCount "91"]
[EventDate "2005.11.05"]
[SourceDate "2005.10.25"]

1. e4 e6 2. d4 d5 3. Nc3 Bb4 4. e5 c5 5. a3 Bxc3+ 6. bxc3 Qc7 7. Qg4 f6 8. exf6
Nxf6 9. Qg3 Qxg3 10. hxg3 c4 11. f3 Nc6 12. Bf4 O-O 13. Nh3 Bd7 14. g4 e5 15.
dxe5 Rae8 16. O-O-O Nxe5 17. g5 Nh5 18. Bxe5 Rxe5 19. Bxc4 Bxh3 20. Rxd5 Rxd5
21. Bxd5+ Kh8 22. gxh3 b6 23. Be4 Ng3 24. Rd1 Nxe4 25. fxe4 Kg8 26. Rd7 Re8 27.
Rxa7 Rxe4 28. Rb7 Rc4 29. Kb2 Rc6 30. Kb3 h6 31. gxh6 Rxh6 32. Kb4 g5 33. c4
Rxh3 34. Rxb6 Kf7 35. c5 Rh8 36. c6 Rc8 37. Kc5 g4 38. Rb7+ Kf6 39. Kd6 g3 40.
Kd7 g2 41. Rb1 Rg8 42. c7 Rg7+ 43. Kd6 Rg8 44. Rg1 Rg4 45. c8=Q Rd4+ 46. Kc5
1-0

[Event "4NCL/Div4/MONM vs. SCS"]
[Site "West Bromwich ENG"]
[Date "2005.11.05"]
[Round "1.6"]
[White "Lowry-O'Reilly, Hannah"]
[Black "Thomas, Kevin"]
[Result "0-1"]
[WhiteElo "1790"]
[BlackElo "1955"]
[PlyCount "90"]
[EventDate "2005.11.05"]
[SourceDate "2005.10.25"]

1. d4 Nf6 2. c4 g6 3. Nc3 Bg7 4. Nf3 O-O 5. e4 d6 6. h3 c5 7. d5 b5 8. Bd3 bxc4
9. Bxc4 Nbd7 10. O-O Nb6 11. Bd3 Bd7 12. Bg5 h6 13. Bh4 c4 14. Bc2 Nh7 15. Qd2
f5 16. exf5 Bxf5 17. Rac1 Qd7 18. Bg3 Bxc2 19. Rxc2 Rxf3 20. gxf3 Ng5 21. Qe2
Nxh3+ 22. Kg2 Rf8 23. Qe6+ Qxe6 24. dxe6 Ng5 25. Bh4 Rf5 26. Ne4 d5 27. Bxg5
dxe4 28. Bxe7 exf3+ 29. Kh3 Re5 30. Bd8 Rxe6 31. Kg3 Rc6 32. Kxf3 Nd5 33. a3 g5
34. Re1 Nf4 35. Re7 Nd3 36. Ke2 Nf4+ 37. Kf1 Rd6 38. Rxc4 Rxd8 39. b3 Rd1+ 40.
Re1 Rd3 41. Rc8+ Kh7 42. Rb8 Kg6 43. a4 h5 44. Rc1 h4 45. Kg1 Ne2+ 0-1

[Event "4NCL/Div4/OXF2 vs. CELT"]
[Site "West Bromwich ENG"]
[Date "2005.11.05"]
[Round "1.1"]
[White "Rawlinson, Aidan"]
[Black "Young, Alan"]
[Result "1-0"]
[WhiteElo "2160"]
[BlackElo "2034"]
[PlyCount "55"]
[EventDate "2005.11.05"]
[SourceDate "2005.10.25"]

1. e4 e5 2. Nc3 Nf6 3. Bc4 Nc6 4. d3 Bb4 5. Nf3 d5 6. exd5 Nxd5 7. O-O Bxc3 8.
bxc3 O-O 9. Ng5 h6 10. Qf3 hxg5 11. Bxd5 g4 12. Qe4 Qf6 13. f3 Bf5 14. Qe3 Qg6
15. fxg4 Qxg4 16. Bxc6 bxc6 17. Qxe5 Be6 18. Qf4 Qh5 19. c4 Rab8 20. Be3 Rb2
21. Qf2 Re8 22. Bd4 Rbb8 23. Qg3 g6 24. Rf4 g5 25. Rf6 Rbd8 26. Qe5 Re7 27.
Raf1 Rde8 28. Rxf7 1-0

[Event "4NCL/Div4/OXF2 vs. CELT"]
[Site "West Bromwich ENG"]
[Date "2005.11.05"]
[Round "1.2"]
[White "Wrench, John"]
[Black "Starkie, Ray"]
[Result "0-1"]
[WhiteElo "2050"]
[BlackElo "2165"]
[PlyCount "60"]
[EventDate "2005.11.05"]
[SourceDate "2005.10.25"]

1. e4 c5 2. Nf3 Nc6 3. Nc3 g6 4. d4 cxd4 5. Nxd4 Bg7 6. Be3 Nf6 7. Bc4 O-O 8.
f3 Qb6 9. Bb3 Nxe4 10. Nf5 Nxc3 11. Qd2 Qa5 12. Nxg7 Nb5 13. Bh6 Qxd2+ 14. Kxd2
Na5 15. h4 Nxb3+ 16. axb3 f5 17. h5 Rf6 18. Rae1 Kf7 19. Re5 Nc7 20. hxg6+ hxg6
21. Bg5 Kxg7 22. Rxe7+ Rf7 23. Re2 Ne6 24. Bh6+ Kf6 25. Be3 b6 26. Kc1 Bb7 27.
f4 Rc8 28. Rg1 Be4 29. g4 d5 30. g5+ Ke7 0-1

[Event "4NCL/Div4/OXF2 vs. CELT"]
[Site "West Bromwich ENG"]
[Date "2005.11.05"]
[Round "1.3"]
[White "Rawlinson, Christopher J"]
[Black "Evans, Craig"]
[Result "1/2-1/2"]
[WhiteElo "2055"]
[BlackElo "1954"]
[PlyCount "80"]
[EventDate "2005.11.05"]
[SourceDate "2005.10.25"]

1. e4 e5 2. Nc3 Nf6 3. Bc4 Nxe4 4. Qh5 Nd6 5. Qxe5+ Qe7 6. Qxe7+ Bxe7 7. Bb3
Nc6 8. Nd5 Bd8 9. Nf3 O-O 10. O-O Na5 11. d3 Nxb3 12. axb3 Nf5 13. Bg5 f6 14.
Bf4 c6 15. Ne3 Nxe3 16. Bxe3 b6 17. Bf4 Be7 18. Rfe1 Kf7 19. Nd4 g6 20. Ra4 Bb7
21. c4 a6 22. Nc2 d5 23. b4 dxc4 24. dxc4 b5 25. Ra3 Rfe8 26. c5 Rad8 27. Rae3
Bf8 28. Kf1 Rxe3 29. Rxe3 Bc8 30. Ke2 Be6 31. Ra3 Ra8 32. Nd4 Bd5 33. g4 a5 34.
Rxa5 Rxa5 35. bxa5 Bxc5 36. Nc2 b4 37. Be3 Bc4+ 38. Kd2 Bxe3+ 39. Nxe3 Bb5 40.
Kc2 Ke6 1/2-1/2

[Event "4NCL/Div4/OXF2 vs. CELT"]
[Site "West Bromwich ENG"]
[Date "2005.11.05"]
[Round "1.4"]
[White "Tew, Paul"]
[Black "Terry, Sean"]
[Result "1/2-1/2"]
[WhiteElo "1890"]
[BlackElo "2000"]
[PlyCount "41"]
[EventDate "2005.11.05"]
[SourceDate "2005.10.25"]

1. e4 c5 2. Nf3 e6 3. Nc3 a6 4. d4 cxd4 5. Nxd4 Qc7 6. Be2 Nf6 7. O-O Bc5 8.
Be3 b5 9. f4 b4 10. e5 bxc3 11. exf6 gxf6 12. bxc3 d6 13. Bf3 Ra7 14. Qe2 e5
15. Nb3 Bxe3+ 16. Qxe3 O-O 17. fxe5 fxe5 18. Qg5+ Kh8 19. Qf6+ Kg8 20. Qg5+ Kh8
21. Qf6+ 1/2-1/2

[Event "4NCL/Div4/OXF2 vs. CELT"]
[Site "West Bromwich ENG"]
[Date "2005.11.05"]
[Round "1.5"]
[White "Morris, Graham"]
[Black "Kitchen, Peter J"]
[Result "1/2-1/2"]
[WhiteElo "2025"]
[BlackElo "1716"]
[PlyCount "52"]
[EventDate "2005.11.05"]
[SourceDate "2005.10.25"]

1. e4 e6 2. d3 d5 3. Nd2 dxe4 4. dxe4 Nf6 5. Ngf3 Be7 6. Bc4 O-O 7. O-O Nc6 8.
c3 Ng4 9. Qc2 Nge5 10. Nxe5 Nxe5 11. Be2 b6 12. f4 Nd7 13. Nf3 Bb7 14. Rd1 Qc8
15. Be3 Nc5 16. Bxc5 Bxc5+ 17. Kh1 Rd8 18. Nd4 Bxd4 19. cxd4 c5 20. dxc5 Qxc5
21. Qxc5 bxc5 22. Bf3 Kf8 23. Kg1 Ke7 24. Kf2 Rxd1 25. Rxd1 Rd8 26. Rxd8 Kxd8
1/2-1/2

[Event "4NCL/Div4/OXF2 vs. CELT"]
[Site "West Bromwich ENG"]
[Date "2005.11.05"]
[Round "1.6"]
[White "Larter, Nick"]
[Black "Bruce, Dave"]
[Result "0-1"]
[WhiteElo "1750"]
[BlackElo "2015"]
[PlyCount "82"]
[EventDate "2005.11.05"]
[SourceDate "2005.10.25"]

1. e4 e6 2. d4 d5 3. Be3 dxe4 4. Nd2 Nf6 5. f3 c5 6. dxc5 Qc7 7. b4 b6 8. Nxe4
Nxe4 9. fxe4 bxc5 10. b5 Bb7 11. Qd3 Nd7 12. Nf3 Be7 13. c4 O-O 14. Be2 Ne5 15.
Qc2 Bf6 16. Rd1 Ng4 17. Bf2 Qa5+ 18. Nd2 Nxf2 19. Kxf2 Bd4+ 20. Kf1 f5 21. Bf3
fxe4 22. Nxe4 Rf5 23. h4 Raf8 24. Rh3 Qc7 25. Re1 h6 26. Qe2 Re5 27. Qc2 Qa5
28. g4 Qb4 29. Re2 Bxe4 30. Rxe4 Rxe4 31. Qxe4 Qxc4+ 32. Qe2 Qc1+ 33. Qe1 Qc4+
34. Qe2 Qxe2+ 35. Kxe2 Rf4 36. Rh1 Kf7 37. Rf1 Ke7 38. Bc6 Rxg4 39. h5 Rh4 40.
Bf3 Rh2+ 41. Kd3 Rxa2 0-1

[Event "4NCL/Div4/CONQ vs. SLOS4"]
[Site "West Bromwich ENG"]
[Date "2005.11.05"]
[Round "1.1"]
[White "Osborne, Marcus E"]
[Black "Ufodike, Bel"]
[Result "1-0"]
[WhiteElo "2230"]
[BlackElo "2090"]
[PlyCount "73"]
[EventDate "2005.11.05"]
[SourceDate "2005.10.25"]

1. Nf3 Nf6 2. c4 g6 3. g3 Bg7 4. Bg2 O-O 5. O-O d5 6. cxd5 Nxd5 7. d4 Nc6 8.
Nc3 Be6 9. e4 Nxc3 10. bxc3 Na5 11. Qa4 c6 12. Bg5 Nc4 13. Qb4 f6 14. Bf4 g5
15. Bxg5 fxg5 16. Nxg5 a5 17. Qb3 Qc8 18. Nxe6 Qxe6 19. d5 cxd5 20. exd5 Qg4
21. h3 a4 22. Qb4 Qc8 23. Qxe7 Ra6 24. Rad1 Re8 25. Qg5 Qc5 26. Qh5 Rg6 27. Qh4
Bf6 28. Qh5 Bxc3 29. Rc1 Bd4 30. Qf3 Rf8 31. Qe2 b5 32. Rcd1 Rxg3 33. Qe6+ Kh8
34. Kh1 Rg6 35. Qe4 Rxf2 36. Rxd4 Nd6 37. Qe5+ 1-0

[Event "4NCL/Div4/CONQ vs. SLOS4"]
[Site "West Bromwich ENG"]
[Date "2005.11.05"]
[Round "1.2"]
[White "de Coverly, Roger"]
[Black "Prizant, Michael"]
[Result "1/2-1/2"]
[WhiteElo "2125"]
[BlackElo "2135"]
[PlyCount "40"]
[EventDate "2005.11.05"]
[SourceDate "2005.10.25"]

1. e4 c5 2. Nf3 d6 3. c3 Nf6 4. h3 Nc6 5. Bd3 g6 6. O-O Bg7 7. Bc2 O-O 8. Re1
e5 9. d4 cxd4 10. cxd4 exd4 11. Nxd4 Nxd4 12. Qxd4 Re8 13. Qd1 d5 14. Nc3 dxe4
15. Qxd8 Rxd8 16. Bg5 h6 17. Bxf6 Bxf6 18. Bxe4 Be6 19. Red1 Bxc3 20. bxc3
Rxd1+ 1/2-1/2

[Event "4NCL/Div4/CONQ vs. SLOS4"]
[Site "West Bromwich ENG"]
[Date "2005.11.05"]
[Round "1.3"]
[White "Stockwell, Mark B"]
[Black "Varnam, Liam D"]
[Result "1-0"]
[WhiteElo "2210"]
[BlackElo "2110"]
[PlyCount "65"]
[EventDate "2005.11.05"]
[SourceDate "2005.10.25"]

1. e4 e5 2. Nf3 Nc6 3. Bb5 a6 4. Bxc6 dxc6 5. O-O f6 6. d4 exd4 7. Nxd4 Bd6 8.
Qh5+ g6 9. Qf3 Qe7 10. Be3 h5 11. Qe2 Bd7 12. Nd2 O-O-O 13. f3 f5 14. exf5 gxf5
15. Rfe1 Qh4 16. Nf1 Ne7 17. Bf2 Qg5 18. Ne6 Bxe6 19. Qxe6+ Kb8 20. Qe3 f4 21.
Qa7+ Kc8 22. Qa8+ Kd7 23. Qxb7 Rdg8 24. g3 Nf5 25. Rad1 fxg3 26. hxg3 h4 27. g4
Qf4 28. Qb3 Rxg4+ 29. fxg4 Qxg4+ 30. Kh1 Rg8 31. Qe6+ Kd8 32. Rxd6+ Nxd6 33.
Qxg4 1-0

[Event "4NCL/Div4/CONQ vs. SLOS4"]
[Site "West Bromwich ENG"]
[Date "2005.11.05"]
[Round "1.4"]
[White "Cox, Tristan"]
[Black "Foster, James C"]
[Result "0-1"]
[WhiteElo "2095"]
[BlackElo "1950"]
[PlyCount "90"]
[EventDate "2005.11.05"]
[SourceDate "2005.10.25"]

1. Nf3 d5 2. d4 e6 3. c4 c5 4. cxd5 exd5 5. Nc3 Nc6 6. g3 Nf6 7. Bg2 Be7 8. O-O
O-O 9. Bg5 cxd4 10. Nxd4 h6 11. Be3 Re8 12. Rc1 Ne5 13. b3 Neg4 14. Bf4 g5 15.
Bd2 Ba3 16. Rc2 Ne4 17. Ncb5 Bc5 18. Bxe4 Bxd4 19. Bh7+ Kxh7 20. Nxd4 Qf6 21.
Bc3 Qg6 22. Kg2 a6 23. Nf3 Bf5 24. Rc1 Be4 25. Qd4 Ne5 26. h3 f5 27. g4 fxg4
28. hxg4 Qf7 29. Qxe5 Rxe5 30. Bxe5 Re8 31. Rc7 Re7 32. Rfc1 Kg6 33. Kf1 Bxf3
34. exf3 Rxe5 35. Rxf7 Kxf7 36. Kg2 d4 37. Rd1 Rd5 38. f4 Kf6 39. Kf3 gxf4 40.
Ke4 Rd7 41. Rxd4 Rxd4+ 42. Kxd4 Kg5 43. f3 Kh4 44. Ke5 Kg3 45. Ke4 a5 0-1

[Event "4NCL/Div4/CONQ vs. SLOS4"]
[Site "West Bromwich ENG"]
[Date "2005.11.05"]
[Round "1.5"]
[White "Ryan, Raymond"]
[Black "Foster, Cyril"]
[Result "0-1"]
[WhiteElo "1650"]
[BlackElo "2005"]
[PlyCount "46"]
[EventDate "2005.11.05"]
[SourceDate "2005.10.25"]

1. d4 Nf6 2. c4 e6 3. Nc3 Bb4 4. Nf3 b6 5. Bf4 Bb7 6. e3 O-O 7. Bd3 Bxc3+ 8.
bxc3 Ne4 9. Qc2 f5 10. O-O d6 11. h4 Qe8 12. Ng5 Nxg5 13. Bxg5 Qg6 14. f3 h6
15. Bf4 Nd7 16. g4 e5 17. h5 Qf6 18. Bh2 fxg4 19. fxg4 Qg5 20. Bf5 Nf6 21. Qe2
Rae8 22. d5 Bc8 23. Bg3 Nxh5 0-1

[Event "4NCL/Div4/CONQ vs. SLOS4"]
[Site "West Bromwich ENG"]
[Date "2005.11.05"]
[Round "1.6"]
[White "Lewis, Andrew"]
[Black "Auckland, Elliot"]
[Result "1-0"]
[WhiteElo "1990"]
[BlackElo "1670"]
[PlyCount "79"]
[EventDate "2005.11.05"]
[SourceDate "2005.10.25"]

1. e4 e5 2. Nf3 d6 3. d4 Nd7 4. Bc4 Be7 5. Nc3 c6 6. dxe5 dxe5 7. Be3 Ngf6 8.
Ng5 O-O 9. f3 h6 10. Nh3 Bb4 11. Qd2 Kh7 12. O-O-O b5 13. Bb3 Qa5 14. g4 Nb6
15. Nf2 Be6 16. Nd3 Rfd8 17. Qe1 Nc4 18. Bxc4 Bxc4 19. Nxb4 Qxb4 20. Qh4 Rd6
21. a3 Rxd1+ 22. Rxd1 Qf8 23. Bxh6 Kg8 24. Bg5 Nh7 25. Be7 Qe8 26. b3 f6 27.
Bc5 Be6 28. Qf2 Qf7 29. Kb2 Ng5 30. h4 Nh3 31. Qe3 Nf4 32. Rd6 Qc7 33. Ne2 Nxe2
34. Rxe6 Nd4 35. Re7 Qa5 36. Bxd4 exd4 37. Qxd4 Rd8 38. Qxa7 Qxa7 39. Rxa7 Rd6
40. Rc7 1-0

[Event "4NCL/Div4/MET vs. SXM"]
[Site "West Bromwich ENG"]
[Date "2005.11.05"]
[Round "1.1"]
[White "Calvert, D Ian"]
[Black "Prescott, Adam P"]
[Result "1/2-1/2"]
[WhiteElo "2075"]
[BlackElo "2060"]
[PlyCount "47"]
[EventDate "2005.11.05"]
[SourceDate "2005.10.25"]

1. b3 d5 2. Bb2 Nd7 3. Nf3 Ngf6 4. c4 c6 5. g3 e6 6. Bg2 a6 7. O-O b5 8. d3 Qb6
9. Nbd2 bxc4 10. dxc4 Bc5 11. Qc2 O-O 12. Rac1 Be7 13. e4 h6 14. cxd5 cxd5 15.
exd5 Nxd5 16. Nc4 Qd8 17. Nfe5 Bb7 18. Rfd1 N7f6 19. Qe2 Rc8 20. Ng4 Nxg4 21.
Qxg4 Bf6 22. Qe2 Bxb2 23. Qxb2 Qe7 24. Qe2 1/2-1/2

[Event "4NCL/Div4/MET vs. SXM"]
[Site "West Bromwich ENG"]
[Date "2005.11.05"]
[Round "1.2"]
[White "Fraser, Joe P"]
[Black "Fegan, Chris"]
[Result "1-0"]
[WhiteElo "2065"]
[BlackElo "2115"]
[PlyCount "79"]
[EventDate "2005.11.05"]
[SourceDate "2005.10.25"]

1. e4 d6 2. d4 Nf6 3. Nc3 g6 4. f3 Nbd7 5. Be3 c5 6. Bc4 cxd4 7. Bxd4 a6 8. a4
Bg7 9. Nge2 O-O 10. O-O Ne5 11. Bb3 Bd7 12. a5 Rc8 13. Nd5 Nxd5 14. Bxd5 Bb5
15. Re1 e6 16. Bb3 Qg5 17. Kh1 Qh5 18. Nf4 Qh4 19. g3 Qe7 20. Kg2 Nd3 21. Nxd3
Bxd4 22. c3 Bg7 23. Qd2 Rfd8 24. Rac1 Bc4 25. Bxc4 Rxc4 26. b3 Rc6 27. c4 Qc7
28. Rc2 d5 29. exd5 Rxd5 30. Qe2 Rxa5 31. c5 Rb5 32. b4 Qc8 33. Rd1 b6 34. Ne5
Rc7 35. Rcd2 Qb7 36. Rd8+ Bf8 37. c6 Rxc6 38. Nxc6 Qxc6 39. Qb2 e5 40. Rc1 1-0

[Event "4NCL/Div4/MET vs. SXM"]
[Site "West Bromwich ENG"]
[Date "2005.11.05"]
[Round "1.3"]
[White "Dickson, George"]
[Black "Tucker, Andrew L"]
[Result "1-0"]
[WhiteElo "2090"]
[BlackElo "1980"]
[PlyCount "97"]
[EventDate "2005.11.05"]
[SourceDate "2005.10.25"]

1. e4 c5 2. b3 Nc6 3. Bb2 d6 4. Nc3 e5 5. Bc4 f5 6. d3 Nf6 7. Nge2 f4 8. Nd5
Rb8 9. a4 a6 10. Nexf4 exf4 11. Nxf6+ gxf6 12. Qh5+ Kd7 13. Qf5+ Kc7 14. Qxf6
Nb4 15. Qxd8+ Kxd8 16. Bxh8 Nxc2+ 17. Kd2 Nxa1 18. Rxa1 b5 19. axb5 axb5 20.
Bd5 Bb7 21. Bf6+ Ke8 22. Bxb7 Rxb7 23. Ra8+ Kf7 24. Bg5 Bg7 25. Bxf4 Ke7 26.
Ra6 Rd7 27. Rc6 Bd4 28. Be3 Bg7 29. Ra6 b4 30. f4 Bc3+ 31. Kc2 Rc7 32. Ra8 Kf7
33. Bc1 Rd7 34. Bb2 Bxb2 35. Kxb2 d5 36. e5 c4 37. bxc4 dxc4 38. dxc4 Rd2+ 39.
Kb3 Rxg2 40. f5 Rxh2 41. Ra7+ Ke8 42. e6 Rf2 43. Rxh7 Rxf5 44. Kxb4 Re5 45. Rh6
Ke7 46. c5 Rxe6 47. Rxe6+ Kxe6 48. Kb5 Kd7 49. Kb6 1-0

[Event "4NCL/Div4/MET vs. SXM"]
[Site "West Bromwich ENG"]
[Date "2005.11.05"]
[Round "1.4"]
[White "Richardson, Joe M"]
[Black "Djabri, Zafer M"]
[Result "1-0"]
[WhiteElo "1950"]
[BlackElo "2080"]
[PlyCount "111"]
[EventDate "2005.11.05"]
[SourceDate "2005.10.25"]

1. e4 c5 2. c3 Nf6 3. e5 Nd5 4. d4 cxd4 5. cxd4 e6 6. Nf3 d6 7. Bc4 Nc6 8. O-O
Be7 9. Re1 O-O 10. a3 b6 11. Nbd2 dxe5 12. dxe5 Nf4 13. Qa4 Na5 14. Bb5 Nd3 15.
Rd1 a6 16. Bxd3 Qxd3 17. b4 b5 18. Ne4 Qxe4 19. Qxa5 Bb7 20. Qc7 Bd8 21. Qc3
Bb6 22. Be3 Bxe3 23. Qxe3 Qxe3 24. fxe3 Bd5 25. Rac1 Rfc8 26. Nd4 g6 27. g4 Kg7
28. Kf2 f6 29. exf6+ Kxf6 30. h4 h6 31. Nf3 g5 32. hxg5+ hxg5 33. Rh1 Rxc1 34.
Rxc1 Rh8 35. Kg3 a5 36. Rc5 axb4 37. axb4 Rb8 38. Nd4 Bc4 39. e4 Rb7 40. Nf3
Ra7 41. Nxg5 Ra4 42. Nf3 Rxb4 43. g5+ Kg7 44. Kf4 Bd3 45. Rc7+ Kf8 46. Nd2 Rb2
47. Ke3 Bc2 48. Nf3 b4 49. Kf4 Bd1 50. Nd4 Rf2+ 51. Ke5 Bg4 52. Rb7 Rb2 53. g6
b3 54. g7+ Kg8 55. Kf6 Rf2+ 56. Nf5 1-0

[Event "4NCL/Div4/MET vs. SXM"]
[Site "West Bromwich ENG"]
[Date "2005.11.05"]
[Round "1.5"]
[White "Syed, Nayeem"]
[Black "Bayliss, Lyall C P"]
[Result "1-0"]
[WhiteElo "1965"]
[BlackElo "1925"]
[PlyCount "105"]
[EventDate "2005.11.05"]
[SourceDate "2005.10.25"]

1. d4 d5 2. c4 e6 3. Nc3 Nf6 4. Bg5 Be7 5. e3 Nbd7 6. cxd5 exd5 7. Bb5 O-O 8.
Nf3 h6 9. Bf4 a6 10. Bd3 b5 11. a3 Bb7 12. Nd2 c5 13. dxc5 Nxc5 14. Nf3 Nxd3+
15. Qxd3 Ne4 16. Be5 Bf6 17. Nxe4 dxe4 18. Qxd8 Bxd8 19. Nd4 Bb6 20. Nf5 Rfd8
21. Nxg7 Rd5 22. Bc3 Rc8 23. Ke2 Rxc3 24. bxc3 Kxg7 25. a4 Ba5 26. Rhc1 Rc5 27.
axb5 Bxc3 28. bxa6 Bxa1 29. axb7 Rb5 30. Rxa1 Rxb7 31. Ra2 Kg6 32. f3 f5 33.
Kf2 Rb3 34. Re2 Kg5 35. Kg3 Rd3 36. h4+ Kh5 37. Kf4 exf3 38. gxf3 Ra3 39. e4
fxe4 40. fxe4 Kg6 41. Rg2+ Kf7 42. Kf5 Rf3+ 43. Ke5 Rh3 44. Rg4 Rf3 45. Rf4+
Rxf4 46. Kxf4 Kf6 47. h5 Ke6 48. e5 Ke7 49. Kf5 Kf7 50. e6+ Kg7 51. Ke5 Kg8 52.
Kd6 Kf8 53. Kd7 1-0

[Event "4NCL/Div4/MET vs. SXM"]
[Site "West Bromwich ENG"]
[Date "2005.11.05"]
[Round "1.6"]
[White "Fraser, Nicholas"]
[Black "Cooke, Charlie"]
[Result "0-1"]
[WhiteElo "1590"]
[BlackElo "1880"]
[PlyCount "94"]
[EventDate "2005.11.05"]
[SourceDate "2005.10.25"]

1. e4 e5 2. Nf3 Nf6 3. Nc3 Nc6 4. Bc4 d6 5. h3 Be7 6. O-O O-O 7. d4 exd4 8.
Nxd4 Ne5 9. Bb3 a6 10. f4 Ng6 11. Re1 Qd7 12. g4 Qe8 13. Bd5 c6 14. Bc4 b5 15.
Bf1 Qd7 16. Bg2 Bb7 17. Nf5 Rad8 18. Be3 Rfe8 19. g5 d5 20. Nxe7+ Qxe7 21. gxf6
Qxf6 22. Qd2 d4 23. e5 dxe3 24. Qxe3 Qxf4 25. Qb6 Qd4+ 26. Qxd4 Rxd4 27. Ne4
Rxe5 28. Rad1 Red5 29. Rxd4 Rxd4 30. Nc5 Rd2 31. Nxb7 Rxc2 32. b4 Kf8 33. Bxc6
Rxc6 34. a3 Rc3 35. Nd6 Ne7 36. Rf1 f6 37. Rf4 Rxh3 38. Kg2 Rxa3 39. Rh4 h6 40.
Rh5 Rd3 41. Nb7 Nc6 42. Rc5 Nxb4 43. Rc8+ Ke7 44. Rb8 h5 45. Rh8 Rd7 46. Rg8
Kf7 47. Rb8 Nc6 0-1

[Event "4NCL/Div4/PONTY vs. GREN"]
[Site "West Bromwich ENG"]
[Date "2005.11.05"]
[Round "1.1"]
[White "Robinson, David"]
[Black "Osborne, David C"]
[Result "1/2-1/2"]
[WhiteElo "2125"]
[BlackElo "2085"]
[PlyCount "36"]
[EventDate "2005.11.05"]
[SourceDate "2005.10.25"]

1. Nf3 Nf6 2. g3 c5 3. Bg2 Nc6 4. O-O g6 5. d3 d5 6. Nbd2 Bg7 7. Re1 e5 8. e4
d4 9. Nc4 Qc7 10. Nh4 b5 11. Na3 a6 12. f4 h6 13. fxe5 Nxe5 14. Bf4 Be6 15.
Bxe5 Qxe5 16. Nf3 Qc7 17. Qd2 O-O 18. c3 dxc3 1/2-1/2

[Event "4NCL/Div4/PONTY vs. GREN"]
[Site "West Bromwich ENG"]
[Date "2005.11.05"]
[Round "1.2"]
[White "Gilbert, Alistair A"]
[Black "White, Ian G"]
[Result "1/2-1/2"]
[WhiteElo "2030"]
[BlackElo "2065"]
[PlyCount "29"]
[EventDate "2005.11.05"]
[SourceDate "2005.10.25"]

1. e4 e6 2. d3 d5 3. Nd2 c5 4. g3 Nc6 5. Bg2 Nf6 6. Ngf3 Be7 7. O-O O-O 8. Re1
dxe4 9. dxe4 e5 10. c3 Bg4 11. Qc2 Qc7 12. Nc4 Rfd8 13. Ne3 h6 14. Nh4 Be6 15.
Nhf5 1/2-1/2